01405nam a22003497a 4500003000500000005001700005008004100022010001000063011001000073035001000083040000900093090001000102100004000112245011800152260003000270300001900300502008000319590003700399590004100436590004100477590004100518590004200559650006000601650002800661901000700689942000900696949003500705949004000740999001700780952013100797952012700928CHAP20220329134958.0971013s1957 r 00010 d a28980 a29952 a34063 cCHAP aTesis00aLemairé Carriés, Gerald.965934 aConsideraciones sobre las condiciones de salinidad de los suelos del Distrito de riego del Alto Río Lerma, Gto. a(s.l.) :bEl autor,c1957 a38 h.b: ilus. aTesis (Ing. Agr. Esp. en Irrigación) -- ENA. Departamento de Irrigación aALEPHb10c20130110lUCH01h1250 aBATCH-UPDb10c20130110lUCH01h1855 aBATCH-UPDb10c20130410lUCH01h1223 aBATCH-UPDb10c20130914lUCH01h1737 aCONVERSIONb10c20130109lUCH01h131714aDistrito de Riego Alto Río Lerma, Gto. y Mich.93284114aSuelos salinos.9110558 aBK cFOLL bBCcTESd-78957eTS1i34063si bBCcTESd-78958eTS2fc.2i34063si c28980d28980 00102local4053708TESISaBCbBCcPA_TESISd2012-12-17fFOLLl0oTesisp-78958r2019-12-31 00:00:00tc.2w2019-12-31yTESIS 00102local4051708TESISaBCbBCcPA_TESISd2012-12-17fTESISl0oTesisp-78957r2019-12-31 00:00:00w2019-12-31yTESIS